Microfinance in India/ (Record no. 11261)
[ view plain ]
| 000 -LEADER | |
|---|---|
| fixed length control field | 00654 a2200193 4500 |
| 010 ## - LIBRARY OF CONGRESS CONTROL NUMBER | |
| LC control number | ENG-89730 |
| 020 ## - INTERNATIONAL STANDARD BOOK NUMBER | |
| Terms of availability | 695.00 |
| International Standard Book Number | 9780761936268 |
| 035 ## - SYSTEM CONTROL NUMBER | |
| System control number | EN-73263 |
| 037 ## - SOURCE OF ACQUISITION | |
| Source of stock number/acquisition | DBAD / PUB |
| 082 14 - DEWEY DECIMAL CLASSIFICATION NUMBER | |
| Classification number | 332.0954 |
| 090 ## - LOCALLY ASSIGNED LC-TYPE CALL NUMBER (OCLC); LOCAL CALL NUMBER (OCLC) | |
| -- | 11577 |
| -- | 11577 |
| 245 1# - TITLE STATEMENT | |
| Title | Microfinance in India/ |
| Statement of responsibility, etc | edited by K.G. Karmakar |
| 260 ## - PUBLICATION, DISTRIBUTION, ETC. (IMPRINT) | |
| Place of publication, distribution, etc | New Delhi |
| Name of publisher, distributor, etc | Sage Publications |
| Date of publication, distribution, etc | 2008 |
| 270 ## - ADDRESS | |
| Address | B1/11, Mohan Cooperative Industrial Area, Mathura Road |
| City | New Delhi |
| Postal code | 110 044 |
| 300 ## - PHYSICAL DESCRIPTION | |
| Extent | 489p. |
| Dimensions | 23 cm (Hb) |
| 500 ## - GENERAL NOTE | |
| General note | Includes index. |
| 942 ## - ADDED ENTRY ELEMENTS (KOHA) | |
| Institution code [OBSOLETE] | dpl |
| Koha item type | English Books |
| Call number prefix | 332.0954/ MIC |
| Withdrawn status | Lost status | Source of classification or shelving scheme | Damaged status | Not for loan | Collection code | Home library | Current library | Source of acquisition | Cost, normal purchase price | Total Checkouts | Full call number | Barcode | Date last seen | Copy number | Uniform Resource Identifier | Cost, replacement price | Price effective from | Koha item type |
|---|---|---|---|---|---|---|---|---|---|---|---|---|---|---|---|---|---|---|
| Dewey Decimal Classification | Not For Loan | Non-fiction | D.B.Act.Division | D.B.Act.Division | DBAD/PUB | 695.00 | 332.0954 MIC | EN-73263 | 15/09/2008 | 1 | 12371 | 695.00 | 15/09/2008 | English Books |
